Państwa Afryki po ich stolicach. - Statystyki

Ogólne statystyki
  • Ten quiz został rozwiązany 63 razy
  • Średni wynik to 34 z 54
Statystyki odpowiedzi
Stolica Odpowiedź % Poprawnych
Algier Algieria
95%
Addis Abeba Etiopia
92%
Bissau Gwinea Bissau
89%
Dżibuti Dżibuti
86%
Kair Egipt
86%
Tunis Tunezja
84%
Antananarywa Madagaskar
81%
Nairobi Kenia
78%
Rabat Maroko
78%
Abudża Nigeria
78%
Pretoria/Kapsztad/Bloemfontein Republika PołudniowejAfryki
76%
Dakar Senegal
76%
Chartum Sudan
76%
Trypolis Libia
68%
Sao Tome Wyspy Świętego Tomaszai Książęca
68%
Kinszasa DemokratycznaRepublika Konga
65%
Akra Ghana
65%
Asmara Erytrea
62%
Luanda Angola
59%
Bandżul Gambia
59%
Jaunde Kamerun
59%
Brazzaville Kongo
59%
Niamey Niger
59%
Bangi RepublikaŚrodkowoafrykańska
59%
Freetown Sierra Leone
59%
Mogadiszu Somalia
59%
Dżuba Sudan Południowy
59%
Dodoma Tanzania
59%
Lome Togo
59%
Jamusukro Wybrzeże KościSłoniowej
59%
Lusaka Zambia
59%
Wagadugu Burkina Faso
57%
Ndżamena Czad
57%
Konakry Gwinea
57%
Maputo Mozambik
57%
Windhuk Namibia
57%
Harare Zimbabwe
57%
Gitega Burundi
54%
Bamako Mali
54%
Kigali Rwanda
54%
Victoria Seszele
54%
Gaborrone Botswana
51%
Port Louis Mauritius
51%
Praia Republika ZielonegoPrzylądka
51%
Kampala Uganda
51%
Mbabane Eswatini
49%
Libreville Gabon
49%
Maseru Lesotho
49%
Monrovia Liberia
49%
Lilongwe Malawi
49%
Nawakszut Mauretania
49%
Porto-Novo Benin
46%
Ciudad de La Paz Gwinea Równikowa
46%
Moroni Komory
43%
Nie znaleziono quizów pasujących do podanych kryteriów
Rozkład punktacji
Procent ludzi z każdym wynikiem
Percentyl według liczby udzielonych odpowiedzi
Twoja historia wyników
Nie rozwiązałeś tego quizu